Going down a storm (Record no. 74017)

MARC details
000 -LEADER
fixed length control field 01410cab a2200253 4500
001 - CONTROL NUMBER
control field ABS67334
008 - FIXED-LENGTH DATA ELEMENTS--GENERAL INFORMATION
fixed length control field 040106n2003 000 0 eng u
035 ## - SYSTEM CONTROL NUMBER
System control number (Sirsi) u124716
100 ## - MAIN ENTRY--PERSONAL NAME
Personal name Lane, T.
245 ## - TITLE STATEMENT
Title Going down a storm
260 ## - PUBLICATION, DISTRIBUTION, ETC.
Date of publication, distribution, etc. 2003
490 ## - SERIES STATEMENT
Series statement Building
Volume/sequential designation 268(8311) 5 December 2003, 54-56(3)
520 ## - SUMMARY, ETC.
Summary, etc. Describes the recent relocation of the Meteorological Office from its former home in Bracknell, Berkshire to a purpose-built building in Exeter. This included the biggest IT facilities relocation ever attempted in Europe with two supercomputers having to be moved. All of this had to be completed without a break in the Meteorological Office's service. The new building's procurement route was unusual in that the client paid for the building and the land but this had the effect of speeding up the whole process. The design of the new building has been criticised by an architectural watchdog as being competent business park architecture but the Meteorological Office argues that this unspectacular appearance is deliberate and part of the strategy to create an efficient and functional headquarters.
590 ## - LOCAL NOTE (RLIN)
Local note ABS
650 ## - SUBJECT ADDED ENTRY--TOPICAL TERM
Topical term or geographic name entry element METEOROLOGICAL OFFICE
650 ## - SUBJECT ADDED ENTRY--TOPICAL TERM
Topical term or geographic name entry element BRACKNELL
650 ## - SUBJECT ADDED ENTRY--TOPICAL TERM
Topical term or geographic name entry element EXETER
650 ## - SUBJECT ADDED ENTRY--TOPICAL TERM
Topical term or geographic name entry element RELOCATION
650 ## - SUBJECT ADDED ENTRY--TOPICAL TERM
Topical term or geographic name entry element IT STRATEGY
650 ## - SUBJECT ADDED ENTRY--TOPICAL TERM
Topical term or geographic name entry element PFI
650 ## - SUBJECT ADDED ENTRY--TOPICAL TERM
Topical term or geographic name entry element PROCUREMENT STRATEGY
690 ## - LOCAL SUBJECT ADDED ENTRY--TOPICAL TERM (OCLC, RLIN)
Topical term or geographic name as entry element MANAGEMENT-FACILITIES MANAGEMENT
942 ## - ADDED ENTRY ELEMENTS (KOHA)
Suppress in OPAC 0
Holdings
Withdrawn status Lost status Source of classification or shelving scheme Damaged status Not for loan Home library Current library Shelving location Date acquired Total Checkouts Full call number Barcode Date last seen Copy number Price effective from Koha item type
    Dewey Decimal Classification     London London Journal article 06/01/2004   ABS67334 124716-1001 06/08/2019 1 06/08/2019 Journal article